000 00913cab a2200253 4500
001 WB3510-22
008 090401t1999 xxu||||| |||| 00| 0 eng d
035 _a(Sirsi) u92010
041 _aeng
245 _aRyde`s scale questionnaire
260 _c1999
350 _a0
490 _aCSM (Chartered Surveyor Monthly)
_v8(7) March 1999, 10(1)
520 _aThe RICS is canvassing members for their opinions on the suitability of Ryde's Scale as a basis for remuneration. To obtain copies of questionnaire, contact Jennifer Clements +44(0) 171-334-3844 [email protected]
650 _aCompulsory purchase
_96228
650 _aPROFESSIONAL FEES
650 _aQUESTIONNAIRES
650 _aREMUNERATION
650 _aRICS
650 _aRYDE'S SCALE
690 _aENVIRONMENTAL AND LAND CONSULTANCY-PLANNING AND DEVELOPMENT-COMPULSORY PURCHASE AND COMPENSATION
942 _n0
948 _c11/03/1999
999 _c58348
_d58348